| 000 -LEADER |
| fixed length control field |
01370nam a22003977a 4500 |
| 001 - CONTROL NUMBER |
| control field |
14355554 |
| 003 - CONTROL NUMBER IDENTIFIER |
| control field |
OSt |
| 005 - DATE AND TIME OF LATEST TRANSACTION |
| control field |
20210420062341.0 |
| 008 - FIXED-LENGTH DATA ELEMENTS--GENERAL INFORMATION |
| fixed length control field |
860911m19879999us a b 00100 eng d |
| 010 ## - LIBRARY OF CONGRESS CONTROL NUMBER |
| LC control number |
86024500 |
| 020 ## - INTERNATIONAL STANDARD BOOK NUMBER |
| International Standard Book Number |
0805396136 (v. 2) |
| 025 ## - OVERSEAS ACQUISITION NUMBER |
| Overseas acquisition number |
000000031196 |
| 040 ## - CATALOGING SOURCE |
| Original cataloging agency |
eng |
| Transcribing agency |
NLM |
| Modifying agency |
eng |
| -- |
VZY |
| 049 ## - LOCAL HOLDINGS (OCLC) |
| Holding library |
YYEA |
| 080 ## - UNIVERSAL DECIMAL CLASSIFICATION NUMBER |
| Universal Decimal Classification number |
57 |
| Item number |
M-79 |
| 096 ## - LOCALLY ASSIGNED NLM-TYPE CALL NUMBER (OCLC) |
| Classification number |
QH 611 M718w 1987 |
| 100 ## - MAIN ENTRY--PERSONAL NAME |
| 9 (RLIN) |
341 |
| Personal name |
Watson, D. James |
| 245 00 - TITLE STATEMENT |
| Title |
Molecular biology of the gene / Volume 2 |
| Statement of responsibility, etc. |
James D. Watson ... [et al.]. |
| 250 ## - EDITION STATEMENT |
| Edition statement |
4th ed. |
| 260 ## - PUBLICATION, DISTRIBUTION, ETC. |
| Place of publication, distribution, etc. |
Menlo Park, Calif. : |
| Name of publisher, distributor, etc. |
Benjamin/Cummings, |
| Date of publication, distribution, etc. |
c1987- |
| 300 ## - PHYSICAL DESCRIPTION |
| Extent |
2 v. : volume 2 416 p. index 26 p. Both Volumes 1163 p. |
| Other physical details |
ill. ; |
| Dimensions |
29 cm. |
| 500 ## - GENERAL NOTE |
| General note |
Rev. ed. of: Molecular biology of the gene / James D. Watson. 3rd ed. c1976. |
| 500 ## - GENERAL NOTE |
| General note |
c.1 - location changed to RR as per Dr. J Warner 10/23/13. |
| 504 ## - BIBLIOGRAPHY, ETC. NOTE |
| Bibliography, etc. note |
Includes bibliographies and index. |
| 505 0# - FORMATTED CONTENTS NOTE |
| Formatted contents note |
v. 1. General principles. -- v. 2. Specialized aspects. |
| 650 #2 - SUBJECT ADDED ENTRY--TOPICAL TERM |
| Topical term or geographic name entry element |
Cytogenetics. |
| 650 #2 - SUBJECT ADDED ENTRY--TOPICAL TERM |
| Topical term or geographic name entry element |
Molecular Biology. |
| 653 ## - INDEX TERM--UNCONTROLLED |
| Uncontrolled term |
ბიოლოგია |
| 653 ## - INDEX TERM--UNCONTROLLED |
| Uncontrolled term |
მიკრობიოლოგია |
| 653 ## - INDEX TERM--UNCONTROLLED |
| Uncontrolled term |
ციტოგენეტიკა |
| 700 1# - ADDED ENTRY--PERSONAL NAME |
| Personal name |
Watson, James D., |
| Dates associated with a name |
1928- |
| 700 ## - ADDED ENTRY--PERSONAL NAME |
| Personal name |
Hopkins, H. Nancy |
| 9 (RLIN) |
342 |
| 700 ## - ADDED ENTRY--PERSONAL NAME |
| Personal name |
Roberts, W. Jeffrey |
| 9 (RLIN) |
343 |
| 700 ## - ADDED ENTRY--PERSONAL NAME |
| Personal name |
Weiner, M. Alan |
| 9 (RLIN) |
344 |
| 942 ## - ADDED ENTRY ELEMENTS (KOHA) |
| Source of classification or shelving scheme |
|
| Koha item type |
Books |
| Edition |
4 |